000
00297nam a2200121Ia 4500
005
20251222144633.0
008
251222s9999||||xx |||||||||||||| ||spa||
082
_a
261.2/B19/Ej.2
100
_a
Von Balthasar, Hans Urs
245
0
_a
La Verdad es Sinfónica:
264
_b
Encuentro
942
_c
LIB
999
_c
16386
_d
16386